Welcome to the Holygrace Academy Library

Please use search bar below to get started

JAMES, HENRY (Record no. 3375)

MARC details
000 -LEADER
fixed length control field 00598nam a22001337a 4500
020 ## - INTERNATIONAL STANDARD BOOK NUMBER
ISBN 978-81-291-0193-8
082 ## - DEWEY DECIMAL CLASSIFICATION NUMBER
Classification number 823
Item number JAM/T
245 ## - TITLE STATEMENT
Title JAMES, HENRY
Remainder of title TOM JONES
260 ## - PUBLICATION, DISTRIBUTION, ETC. (IMPRINT)
Place of publication DELHI
Name of publisher RUPA PUBLICATIONS
Year of publication 2016
300 ## - PHYSICAL DESCRIPTION
Number of Pages 798
520 ## - SUMMARY, ETC.
Summary, etc The classic novel Tom Jones is the story of a young man of uncertain birth who falls in love with his neighbor Sophia. He is forced to leave home. Sophia runs away from her home to escape an arranged marriage. The two suffer a series of comic misadventures before they are finally reconciled and allowed to marry
650 ## - SUBJECT ADDED ENTRY--TOPICAL TERM
Topical Term NOVEL
Geographic subdivision INDIA
942 ## - ADDED ENTRY ELEMENTS (KOHA)
Koha item type Books
Holdings
Withdrawn status Lost status Collection code Home library Current library Shelving location Date acquired Source of acquisition Cost, normal purchase price Full call number Accession Number Koha item type
    Fiction Main Library Main Library SHELF-14G- ALPHABETICAL J,K,L --ENGLISH NOVELS & FICTIONS 14/01/2019 purchase 295.00 823 JAM/T 10377 Books